| 000 | 01320nam a22003015a 4500 | ||
|---|---|---|---|
| 006 | m||||f |||| 00| 0 | ||
| 008 | 150816t2007 inua frb 001 0 eng d | ||
| 010 | _a 2006024170 | ||
| 020 | _a0672329263 (pbk. : alk. paper) | ||
| 020 | _a9780672329265 | ||
| 040 |
_aEG-ScBUE _beng _cEG-ScBUE |
||
| 082 | 0 | 4 |
_a006.7 _bMIT _222 |
| 100 | 1 |
_aMitchell, Scott. _94492 |
|
| 245 | 1 | 0 |
_aCreate your own website / _cScott Mitchell. |
| 246 | 3 | 4 |
_aCreate your own website : _b6 easy project in full color. |
| 250 | _a3rd ed. | ||
| 260 |
_aIndianapolis, Indiana : _bSams, _cc.2007. |
||
| 300 |
_aviii, 215 p. : _bill. (some col.) ; _c24 cm. + _e1 CD-ROM (4 3/4 in.) |
||
| 500 | _aIndex : p. 196-215. | ||
| 504 | _aIncludes bibliographical references. | ||
| 505 | 0 | _aContents at a glance -- Introduction -- Creating your first Web page -- Creating a website -- Creating a family/personal website -- Creating an online storefront -- Selling products with an eBay store -- Creating a blog with blogger -- Sharing images online with snapfish -- Bonus material. | |
| 590 | _aMohamed Hussein | ||
| 650 | 0 |
_aWeb sites _xDesign. _2BUEsh |
|
| 651 | _2BUEsh | ||
| 653 |
_bCOMSCI _cAugust2015 |
||
| 856 | 4 | 1 |
_3Table of contents only _uhttp://www.loc.gov/catdir/toc/ecip0618/2006024170.html |
| 942 |
_cBB _k006.7MIT. _2ddc |
||
| 999 |
_c5199 _d5199 |
||